00749nam a22002055i 4500001000700000003000900007005001700016008004100033020001800074080002100092100004500113245004100158260005800199300005600257490002900313830003700342852002200379999001900401952012300420177568ES-MaACL20240120062955.0110404s1982 sp af |||| | spa d a84-300-8084-8 a821.134.2-14"19"1 aRuiz de Torres, Juan,d1931-2014915534210aCrisantemos / cJuan Ruiz de Torres. aMadrid : bTaller Prometeo de Poesía Nueva, c1982. a[2] p. , [26], [9] h. de lám. bl. y n. ; c21 cm.1 aEdiciones de Autor ; v20 aEdiciones de Autor ; v29224196 aES-MaACLjE-14778 c177568d177568 00104070aATENEOMbATENEOMcDEPO2d2011-04-04eDONl0oE-14778p1186512r2023-02-23 00:00:00w2023-02-23yMONOGRAFIA